00559nam a2200181Ia 450000500170000000800410001702000150005808200210007324501050009426000440019930000180024365000140026165000210027565000170029665000160031370000230032970000250035220250130004434.0240331s9999 xx 000 0 und d a9556070397 bPIN26524a304.2 0aRights and Right to Participate:bDemocracy, Development and Human Rights in Post Colonial Sri Lanka aColombobFriedrich-Ebert-Stiftungc2003 axvii, 179 p., aDemocracy aPost Colonialism aHuman Rights aDevelopment aPinnawela, S eedt aKarunarathne, Heedt